Trasandinas para guitarra
Gorde:
| Egile nagusia: | |
|---|---|
| Formatua: | Liburua |
| Hizkuntza: | gaztelania |
| Argitaratua: |
Valparaíso
Cadenza
2018
|
| Edizioa: | 1a. ed |
| Gaiak: | |
| Etiketak: |
Etiketa erantsi
Etiketarik gabe, Izan zaitez lehena erregistro honi etiketa jartzen!
|
MARC
| LEADER | 00000cam a2200000 a 4500 | ||
|---|---|---|---|
| 001 | UCC7136 | ||
| 003 | CL-VaPUC | ||
| 008 | 190304e20180000cl |||||||||||||||||spa|d | ||
| 020 | |a 9789569990007 | ||
| 082 | 0 | 4 | |a Gt787.87 |b COR |2 21 |
| 100 | 0 | |a Cornejo Jara, Lorenzo |e author |9 601633 | |
| 245 | 1 | 0 | |a Trasandinas para guitarra |
| 250 | |a 1a. ed | ||
| 300 | |a 25 p | ||
| 942 | |c BK | ||
| 945 | |d 20190304 12:48:00 |a dcastane | ||
| 260 | |a Valparaíso |b Cadenza |c 2018 | ||
| 650 | 0 | |a Música para guitarra |9 362109 | |
| 650 | 0 | |a Compositores chilenos |9 306644 | |
| 583 | |a last modification |c 20190304 12:48:00 |k Rodrigo Vera | ||
| 999 | |c 373867 |d 373865 | ||
| 952 | |0 0 |1 0 |3 erb |4 0 |6 GT_787_870000000000000_COR_2018 |7 0 |8 X |9 492120 |a BIBEDU |b BIBEDU |i 5534070 |o Gt787.87 COR 2018 |p 5534070 |r 2023-11-22 |w 2019-11-24 |y BK_X |z Catalogado en:20190304 |k MUS | ||